Top 500 Video Games of All-Time - Statistics

General Stats
  • This quiz has been taken 2,456 times
    2,404 since last reset
  • The average score is 71 of 500
Answer Stats
# Video Game Year % Correct
21 Super Mario Bros. 1985
89%
371 FTL: Faster than Light 2012
88%
351 Call of Duty 2003
71%
8 Minecraft 2011
69%
1 Tetris 1984
68%
37 Grand Theft Auto 5 2013
66%
3 The Legend of Zelda 1987
64%
95 Grand Theft Auto 4 2008
60%
12 Grand Theft Auto 3 2001
58%
88 Call of Duty 4: Modern Warfare 2007
52%
191 Sonic the Hedgehog 1991
52%
35 Donkey Kong 1981
51%
61 Grand Theft Auto: San Andreas 2004
51%
224 Red Dead Redemption 2010
51%
132 Vampire the Masquerade - Redemption 2000
51%
290 Final Fantasy 1990
47%
4 Doom 1993
46%
219 Doom 2016
46%
138 Resident Evil 1996
46%
179 Star Wars: The Fighter 1994
46%
322 God of War 2005
45%
229 Halo 2 2004
44%
73 The Elder Scrolls 5: Skyrim 2011
44%
105 Grand Theft Auto: Vice City 2002
43%
199 Halo 3 2007
43%
377 Mortal Kombat 1992
43%
250 Fallout 1997
41%
11 Final Fantasy 6 1994
41%
70 Final Fantasy 7 1997
41%
141 Super Smash Bros. 1999
41%
177 The Last of Us 2013
41%
116 Call of Duty 2 2005
40%
448 Final Fantasy 10 2001
40%
52 Half-Life 1998
40%
301 Resident Evil 2 1998
40%
36 Resident Evil 4 2005
40%
258 Final Fantasy 8 1999
39%
64 Pong 1972
39%
17 Portal 2007
39%
16 Super Mario 64 1996
39%
7 World of Warcraft 2004
39%
195 Final Fantasy 9 2007
38%
25 Metal Gear Solid 1998
38%
89 Metroid 1987
38%
14 Half-Life 2 2004
37%
40 Dark Souls 2011
36%
383 Fallout 2 1998
36%
186 Fallout 3 2008
36%
33 Persona 4/Golden 2008
36%
84 Portal 2 2011
36%
39 The Legend of Zelda: Ocarina of Time 1998
36%
9 Street Fighter 2 1991
35%
295 Super Mario Bros. 2 1988
35%
2 Super Mario Bros. 3 1990
35%
63 Super Mario Galaxy 2007
35%
43 The Sims 2000
35%
155 Assassin's Creed 2 2009
34%
430 Fallout 4 2015
34%
417 Final Fantasy 14 2010
34%
385 God of War 2 2007
34%
34 Super Mario World 1991
34%
331 The Legend of Zelda: Majora's Mask 2000
34%
86 Doom 2 1994
33%
251 Pokemon Go! 2016
33%
414 The Elder Scrolls 4: Oblivion 2006
33%
231 Tomb Raider 1996
33%
115 Bioshock 2007
32%
279 Dark Souls 2 2014
32%
391 Silent Hill 1999
32%
126 Uncharted 2: Among Thieves 2009
32%
41 Wii Sports 2006
32%
68 League of Legends 2009
31%
101 Metal Gear Solid 2: Sons of Liberty 2001
31%
146 Mortal Kombat 2 1993
31%
198 Overwatch 2016
31%
54 The Witcher 3: Wild Hunt 2015
31%
287 Assassin's Creed 4: Black Flag 2013
30%
118 Mario Kart 8 2014
30%
204 Metal Gear Solid 3: Snake Eater 2004
30%
134 Street Fighter 3: Third Strike 2000
30%
431 Street Fighter 4 2009
30%
28 The Elder Scrolls 3: Morrowind 2002
30%
247 Castlevania 1987
29%
203 Fallout: New Vegas 2010
29%
375 Metal Gear Solid 4: Guns of the Patriots 2008
29%
59 Super Mario Galaxy 2 2010
29%
110 Counter-Strike 2000
28%
232 Mass Effect 2007
28%
83 Silent Hill 2 2001
28%
119 The Legend of Zelda: The Wind Waker 2003
28%
123 Diablo 1996
27%
358 Far Cry 2 2008
27%
208 Metal Gear Solid 5: The Phantom Pain 2015
27%
282 Super Mario Sunshine 2002
27%
304 Tekken 3 1997
27%
256 Donkey Kong Country 1994
26%
242 Gears of War 2006
26%
50 Mass Effect 2 2010
26%
79 Space Invaders 1978
26%
71 Super Smash Bros. Melee 2001
26%
20 The Legend of Zelda: A Link to the Past 1992
26%
451 The Witcher 2: Assassins of Kings 2011
26%
201 Animal Crossing 2002
25%
38 Diablo 2 2000
25%
151 Metroid Prime 2002
25%
10 Super Metroid 1994
25%
210 Batman: Arkham Asylum 2009
24%
447 Bioshock 2 2010
24%
259 Bloodborne 2015
24%
222 Gran Turismo 1998
24%
6 Ms. Pac-Man 1982
24%
45 Super Mario Kart 1992
24%
93 Super Mario World 2: Yoshi's Island 1995
24%
482 Batman: Arkham City 2011
23%
298 Diablo 3 2012
23%
260 Persona 3 2007
23%
13 Starcraft 1998
23%
312 Super Smash Bros. Brawl 2008
23%
145 Team Fortress 2 2007
23%
130 Undertale 2015
23%
187 Left 4 Dead 2008
22%
197 Mario Kart 64 1997
22%
389 Mega Man 2 1989
22%
5 Pokemon Red and Blue 1998
22%
15 Simcity 1989
22%
452 Angry Birds 2009
21%
475 Borderlands 2009
21%
44 Guitar Hero 2005
21%
286 Kingdom Hearts 2002
21%
48 Shadow of the Colossus 2005
21%
436 Devil May Cry 2001
20%
346 Hitman 2016
20%
122 Quake 1996
20%
81 Star Wars: Knights of the Old Republic 2003
20%
19 Civilization 2 1996
19%
159 Civilization 4 2005
19%
340 Dead Space 2008
19%
49 DOTA 2003
19%
22 FIFA 12 2011
19%
306 Gran Turismo 3: A-Spec 2001
19%
42 Halo: Combat Evolved 2001
19%
227 Left 4 Dead 2 2009
19%
459 Paper Mario 2001
19%
272 Quake 3: Arena 1999
19%
56 Civilization 5 2010
18%
243 Devil May Cry 3: Dante's Awakening 2005
18%
74 Dota 2 2013
18%
374 Prince of Persia 1989
18%
144 The Legend of Zelda: Link's Awakening 1993
18%
220 Tony Hawk's Pro Skater 1999
18%
305 Age of Empires 1997
17%
249 Castlevania 3: Dracula's Curse 1990
17%
29 Earthbound 1995
17%
165 Galaga 1981
17%
264 Sonic the Hedgehog 2 1992
17%
183 Starcraft 2: Wings of Liberty 2010
17%
209 Stardew Valley 2016
17%
182 Warcraft 3: Reign of Chaos 2002
17%
462 Zelda 2: The Adventure of Link 1988
17%
495 F-Zero 1990
16%
60 Goldeneye 007 1997
16%
94 Guitar Hero 2 2006
16%
354 Rocket League 2015
16%
484 Star Fox 64 1997
16%
226 Warcraft 2: Tides of Darkness 1995
16%
262 Age of Empires 2 1999
15%
493 Bully 2006
15%
18 Castlevania: Symphony of the Night 1997
15%
332 Deus Ex 2000
15%
281 Max Payne 2001
15%
491 Metroid 2: Return of Samus 1991
15%
125 Mike Tyson's Punch Out!! 1987
15%
489 Spider-Man 2 2004
15%
102 Tony Hawk's Pro Skater 2 2000
15%
407 Destiny 2014
14%
233 Dishonored 2012
14%
465 Medal of Honor 1999
14%
207 Mega Man X 1994
14%
457 Plants vs. Zombies 2009
14%
192 Pokemon Gold and Silver 2000
14%
129 Rock Band 2007
14%
148 Super Mario 3D World 2013
14%
147 Wolfenstein 3D 1992
14%
244 Asteroids 1979
13%
339 Bayonetta 2 2014
13%
163 Dragon Quest 8: Journey of the Cursed King 2005
13%
485 Fable 2 2008
13%
106 Final Fantasy Tactics 1998
13%
284 Forza Horizon 3 2016
13%
397 Frogger 1981
13%
280 ICO 2001
13%
401 LittleBigPlanet 2008
13%
347 Max Payne 2 2003
13%
342 Ninja Gaiden 2004
13%
469 Ninja Gaiden 1989
13%
479 Splatoon 2015
13%
348 Tony Hawk's Pro Skater 3 2001
13%
215 Tony Hawk's Underground 2003
13%
261 Demon's Souls 2009
12%
27 Journey 2012
12%
439 Need for Speed: Most Wanted 2012
12%
124 Rock Band 2 2008
12%
230 Soulcalibur 1999
12%
214 Super Mario 3D Land 2011
12%
190 Command and Conquer 1995
11%
335 Dishonored 2 2016
11%
497 Dragon Age: Inquisition 2014
11%
415 Grim Fandango 1998
11%
365 Limbo 2010
11%
326 Marvel vs. Capcom: Clash of Super Heroes 1998
11%
46 Mother 3 2006
11%
343 Rollercoaster Tycoon 1999
11%
55 Simcity 2000 1993
11%
274 Snake 1976
11%
404 Thief: The Dark Project 1998
11%
149 Animal Crossing: New Leaf 2013
10%
399 Braid 2008
10%
72 Burnout 3: Takedown 2004
10%
308 Chrono Cross 2000
10%
453 Dragon Age: Origins 2009
10%
481 Garry's Mod 2004
10%
257 Inside 2016
10%
423 Just Cause 2 2010
10%
269 Marvel vs. Capcom 2: New Age of Heroes 2000
10%
223 Monkey Island 2: Lechuck's Revenge 1991
10%
189 Myst 1993
10%
26 NBA Jam 1993
10%
373 Paper Mario: The Thousand Year Door 2004
10%
367 Pokemon X and Y 2013
10%
113 Prince of Persia: The Sands of Time 2003
10%
150 Soulcalibur 2 2002
10%
403 Star Wars Knights of the Old Republic 2: The Sith Lords 2004
10%
368 Super Mario Land 2: Six Golden Coins 1992
10%
108 Super Mario Maker 2015
10%
496 Super Meat Boy 2010
10%
299 The Legend of Zelda: A Link Between Worlds 2013
10%
139 The Oregon Trail 1971
10%
311 Battlefield 1942 2002
9%
408 Command and Conquer: Red Alert 1996
9%
380 Crazy Taxi 1999
9%
53 Dance Dance Revolution 1999
9%
135 Hearthstone 2014
9%
136 Kirby's Adventure 1993
9%
285 Kirby's Dreamland 1992
9%
400 Mirror's Edge 2008
9%
271 Phoenix Wright: Ace Attorney 2001
9%
245 Psychonauts 2005
9%
241 Shenmue 2000
9%
398 Shovel Knight 2014
9%
174 Streets of Rage 2 1992
9%
176 System Shock 2 1999
9%
143 Unreal Tournament 1999
9%
82 Adventure 1979
8%
104 Burnout Paradise 2008
8%
361 Contra 3: The Alien Wars 1992
8%
463 Donkey Kong Jr. 1982
8%
432 Double Dragon 1987
8%
384 Fire Emblem Awakening 2013
8%
111 Hitman: Blood Money 2006
8%
66 Madden NFL 2005 2004
8%
107 Papers, Please 2013
8%
23 Rogue 1980
8%
78 Secret of Mana 1993
8%
67 Splinter Cell: Chaos Theory 2005
8%
178 The Secret of Monkey Island 1990
8%
216 Warioware: Twisted! 2005
8%
444 Wolfenstein: The New Order 2014
8%
490 Alone in the Dark 1992
7%
456 Cities: Skylines 2015
7%
302 Day of the Tentacle 1993
7%
263 FEZ 2012
7%
349 Forza Motorsport 4 2011
7%
69 Harvest Moon 1997
7%
364 Lemmings 1991
7%
292 NBA 2K12 2011
7%
30 Spelunky 2012
7%
276 The Stanley Parable 2013
7%
205 Virtua Fighter 2 1995
7%
472 Aladdin 1993
6%
160 Crusader Kings 2 2012
6%
140 Everquest 1999
6%
433 Galaxian 1979
6%
85 Katamari Damacy 2004
6%
406 Metal Gear Solid: Peace Walker 2010
6%
419 Metro 2033 2010
6%
366 Parappa the Rapper 1997
6%
169 Phantasy Star 4: The End of the Millennium 1995
6%
170 Planescape Torment 1999
6%
188 P.T. 2014
6%
446 Sonic Colors 2010
6%
440 Super Castlevania 4 1991
6%
369 Ultima 4: Quest of the Avatar 1985
6%
75 Ultima Online 1997
6%
494 Wipeout 1995
6%
196 XCOM: Enemy Unknown 2012
6%
499 Arkanoid 1986
5%
428 Bejeweled 2001
5%
313 Breakout 1976
5%
158 Castlevania: Aria of Sorrow 2003
5%
487 Cave Story 2004
5%
483 Company of Heroes 2006
5%
162 Defender 1981
5%
194 Dragon's Dogma 2012
5%
91 Dragon Warrior 1989
5%
128 Dune 2: The Building of a Dynasty 1992
5%
24 Dwarf Fortress 2006
5%
103 Elite 1984
5%
90 Eve Online 2003
5%
51 Football Manager 1982
5%
344 Fruit Ninja 2010
5%
283 Gauntlet 1985
5%
291 God Hand 2006
5%
31 Gone Home 2013
5%
268 Heroes of Might and Magic 3 1999
5%
362 Joust 1982
5%
254 King's Quest 1980
5%
252 Maniac Mansion 1987
5%
421 Missile Command 1980
5%
486 Ori and the Blind Forest 2015
5%
137 Phantasy Star Online 2001
5%
171 Red Faction: Guerrilla 2009
5%
353 Return to Castle Wolfenstein 2001
5%
370 Star Wars: X-Wing 1993
5%
98 Suikoden 2 1999
5%
175 SuperHot VR 2016
5%
277 Ultima 7: The Black Gate 1992
5%
181 Vagrant Story 2000
5%
206 Warioware, Inc.: Mega Microgames! 2003
5%
32 Zork 1977
5%
498 Advance Wars 2: Black Hole Rising 2003
4%
246 Another World 1991
4%
345 Bastion 2011
4%
289 Combat 1977
4%
372 Daytona USA 1994
4%
320 Dungeon Keeper 1997
4%
267 Fatal Frame 2: Crimson Butterfly 2003
4%
418 Fire Emblem Fates 2016
4%
473 Firewatch 2016
4%
476 Gravity Rush 2012
4%
80 Guild Wars 2 2012
4%
96 Homeworld 1999
4%
315 Ikaruga 2003
4%
435 Indiana Jones and the Fate of Atlantis 1992
4%
228 Jet Grind Radio 2000
4%
438 Kerbal Space Program 2015
4%
441 Mario Paint 1992
4%
300 Microsoft Flight Simulator 1982
4%
58 NHL '94 1993
4%
396 Nights Into Dreams ... 1996
4%
477 Nine Hours, Nine Persons, Nine Doors (999) 2010
4%
470 Peggle 2007
4%
390 Pillars of Eternity 2015
4%
422 Pole Position 1982
4%
334 Populous 1989
4%
184 Rez/Rez Infinite 2002
4%
413 Rhythm Heaven 2009
4%
426 Sam & Max Hit the Road 1993
4%
294 Sonic CD 1994
4%
488 Space Channel 5 2000
4%
172 Spacewar! 1962
4%
213 Street Fighter Alpha 3 1998
4%
152 The Walking Dead Season 1 2012
4%
468 Timesplitters 2 2002
4%
357 Valkyria Chronicles 2008
4%
239 Wing Commander 1990
4%
240 X-Com: UFO Defense 1994
4%
416 Alpha Centauri 1999
3%
316 Battlezone 1980
3%
218 Burnout Revenge 2005
3%
492 Catherine 2011
3%
62 Chrono Tigge 1995
3%
405 Deus Ex Machina 1984
3%
65 ESPN NFL 2K5 2004
3%
234 Flashback 1992
3%
309 Flower 2009
3%
117 Gunstar Heroes 1993
3%
131 Her Story 2015
3%
114 Herzog Zwei 1990
3%
449 Hitman Go 2014
3%
167 Homeworld 2 2003
3%
350 I Have No Mouth, and I Must Scream 1995
3%
442 Jetpack Joyride 2011
3%
109 Kentucky Route Zero 2013
3%
409 Legacy of Kain: Soul Reaver 1999
3%
376 Lumines 2005
3%
478 Marble Madness 1984
3%
168 Monster Hunter 4 Ultimate 2015
3%
77 M.U.L.E. 1983
3%
328 Panzer Dragoon 2 Zwei 1996
3%
352 Panzer Dragoon Orta 2003
3%
410 Power Stone 2010
3%
467 Railroad Tycoon 1990
3%
92 Robotron: 2084 1982
3%
112 Sid Meier's Railroad Tycoon 1990
3%
427 Snatcher 1994
3%
253 Star Control 1992
3%
173 Star Wars: The Arcade Game 1983
3%
193 Star Wars: X-Wing vs. Tie Fighter 1997
3%
360 Super Bomberman 1993
3%
393 Syberia 2002
3%
303 Tempest 2000 1994
3%
296 The World Ends with You 2008
3%
297 Thief: Deadly Shadows 2004
3%
180 Ultima Underworld: The Stygian Abyss 1992
3%
445 Vanquish 2010
3%
225 Virtua Racing 1992
3%
278 Wasteland 1988
3%
395 Wizardry: Proving Grounds of the Mad Overlord 1981
3%
437 WWF No Mercy 2000
3%
338 Yazuka 0 2017
3%
200 30 Flights of Loving 2012
2%
378 Ant Attack 1983
2%
454 Archon: The Light and the Dark 1983
2%
356 Balance of Power 1985
2%
500 Ballblazer 1984
2%
379 Beatmania 1997
2%
157 Brothers: A Tale of Two Sons 2013
2%
202 Bushido Blade 2 1998
2%
363 Cattle Crashers 2008
2%
185 City of Heroes 2004
2%
317 Computer Space 1971
2%
161 Defcon 2007
2%
265 Demon Attack 1982
2%
318 Descent 1995
2%
382 Devil's Crush 1990
2%
341 Dungeons and Dragons: Pool of Radiance 1988
2%
57 Elite Beat Agents 2006
2%
321 Empire: Total War 2009
2%
359 Fantastic Contraption 2016
2%
153 Geometry Wars 2005
2%
166 Giants: Citizen Kabuto 2000
2%
76 Habitat 1986
2%
333 Hot Shots Golf 1997
2%
381 Hunt the Wumpus 1975
2%
386 International Karate + 1987
2%
387 Jumpman Junior 1983
2%
434 Kim Kardashian: Hollywood 2014
2%
411 Kingdom Rush 2011
2%
133 Kirby: Canvas Curse 2005
2%
325 Lunar Lander 1979
2%
97 Manic Miner 1983
2%
211 Mini Metro 2015
2%
236 Monster Hunter Generations 2016
2%
474 Monument Valley 2014
2%
87 Nethack 1987
2%
429 Nidhogg 2014
2%
154 Pac-Man: Championship Edition DX 2010
2%
424 Power Stone 2 2000
2%
450 Professor Layton and the Unwound Future 2010
2%
329 Puzzle Quest 2007
2%
425 QIX 1981
2%
336 Quadrilateral Cowboy 2016
2%
47 Quest for Glory: So You Want to Be a Hero 1989
2%
461 River City Ransom 1990
2%
330 Samurai Showdown 1993
2%
237 Sensible Soccer 1992
2%
273 Shadow Hearts: Covenant 2004
2%
238 Shantae and the Pirate's Curse 2014
2%
212 Star Raiders 1979
2%
392 Stephen's Sausage Roll 2016
2%
319 Stubbs the Zombie in Rebel Without a Pulse 2005
2%
355 Stunt Car Racer 1989
2%
275 Tenchu: Stealth Assassins 1998
2%
288 Tennis for Two 1958
2%
464 The Chronicles of Riddick: Escape from Butcher Bay 2004
2%
255 The Hitchhiker's Guide to the Galaxy 1984
2%
248 The Jackbox Party Pack 2014
2%
142 The Operative: No One Lives Forever 2000
2%
337 Threes 2014
2%
310 Towerfall 2013
2%
156 80 Days 2014
1%
221 A Mind Forever Voyaging 1985
1%
455 Boulder Dash 1984
1%
127 Cart Life 2011
1%
466 Depression Quest 2013
1%
120 Device 6 2013
1%
412 Drop7 2009
1%
471 Earth Defense Force 2017 2007
1%
458 Electroplankton 2006
1%
266 Event(0) 2016
1%
121 Frog Fractions 2012
1%
164 FS1 Flight Simulator 1979
1%
323 Gran Trak 10 1974
1%
324 Gunpoint 2013
1%
235 Impossible Mission 1984
1%
388 Koronis Rift 1985
1%
420 Military Madness 1989
1%
327 Miner 2049er 1982
1%
270 MVP Baseball 2005 2005
1%
314 Paradroid 1985
1%
460 Picross 3D 2010
1%
293 Proteus 2013
1%
443 Psi-Ops: The Mindgate Conspiracy 2004
1%
480 QWOP 2008
1%
307 Split/Second 2010
1%
99 The Sentinel 1986
1%
402 Tiger Woods PGA Tour 12 2011
1%
394 Uridium 1986
1%
100 Warlords 1989
1%
217 Zero Escape: Virtue's Last Reward 2012
1%
No matching quizzes found
Score Distribution
Percent of People with Each Score
Percentile by Number Answered
Your Score History
You have not taken this quiz since the last reset